000 01121nam a2200301 a 4500
001 1033
003 BR-CuiBMT
005 20231213124756.0
008 230811s2001 rjba 001 0 por d
020 _a9788535208801
040 _aBR-CuiBMT
_cBR-CuiBMT
041 1 _apor
_heng
080 _22007
_a658.3
090 _a658.3
_bB395g
100 1 _aBecker, Brian E.
240 0 4 _aThe HR scorecard : linking people, strategy, and performance
_lPortuguês
245 1 0 _aGestão estratégica de pessoas com scorecard :
_binterligando pessoas, estratégias e performance /
_cBrian E. Becker, Mark A. Huselid, Dave Ulrich ; tradução Afonso Celso da Cunha Serra.
260 _aRio de Janeiro :
_bCampus,
_cc2001.
300 _a246 p. :
_bil. ;
_c23 cm
504 _aInclui bibliografia e índice.
590 _aA Biblioteca possui a 19. reimpr. 2001.
650 _aEficiência organizacional
_xAvaliação
650 _aAdministração de empresas
_xRecursos humanos
_xAvaliação
650 _aPlanejamento estratégico
700 1 _aHuselid, Mark A.,
_d1961-
700 1 _aUlrich, David,
_d1953-
942 _2udc
_cLV
999 _c1033
_d1033